00307nam a2200145Ia 45000030006000000080041000060400015000471000015000622450032000772500006001092600009001153000006001245460014001300050017001440STCL150530s9999 xx 000 0 und d aSTCLcSTCL aNair, T.R. aPaurasthya Sahitya Prakasam a1 c1949 a0 aMalayalam20220125171709.0